[Event "EICC 2019"]
[Site "Skopia"]
[Date "2019.03.26"]
[Round "8.47"]
[White "Saric, Ivan"]
[Black "Arnaudov, G. Petar"]
[Result "1-0"]
[WhiteElo "2703"]
[BlackElo "2462"]
[Annotator "TA"]
[PlyCount "65"]
[EventDate "2019.03.18"]
[EventType "swiss"]
[EventCountry "MKD"]
[SourceTitle "playchess.com"]
[Source "ChessBase"]
[SourceQuality "1"]

{[%evp 10,65,22,29,32,12,31,21,25,22,20,29,54,45,102,102,100,92,138,131,110,121,187,163,196,179,204,186,181,148,289,292,290,245,246,247,248,247,247,247,247,247,247,245,238,137,251,251,251,251,255,254,411,412,389,378,387,384]} 1. e4 c6 2. Nc3 d5 3. Nf3 dxe4 4. Nxe4 Nf6 5. Qe2 Nxe4 6. Qxe4 Be6 {B11: Caro-Kann: Two Knights Variation} 7. c4 g6 $146 ({Predecessor:} 7... Nd7 8. d4 Nf6 9. Qh4 Bf5 10. Be2 e6 11. O-O Be7 12. Qg3 O-O 13. Rd1 Re8 14. Ne5 {0-1 (57) Moussard,J (2571)-Gharamian,T (2626) Schifflange 2017}) 8. Qe5 Rg8 {The position is equal.} 9. Qe3 Bg7 10. d4 Nd7 11. h3 b5 ({Better is} 11... Bf6 $14) 12. cxb5 $16 cxb5 13. Bd2 Qb6 14. Bd3 Bd5 15. O-O e6 (15... Kf8 $16) 16. a4 $18 {[%cal Ba2a4,Ba4a5,Ba5a6][%mdl 32]} b4 17. a5 Qb7 18. a6 Qb6 19. Rfe1 Bf8 (19... h6 $16) 20. Rac1 Bd6 21. Ne5 Nxe5 22. dxe5 Qxe3 23. Bb5+ ({Weaker is} 23. Bxe3 Bxe5 24. Bxa7 Bxb2 $11) 23... Kd8 24. Rxe3 ({Less strong is} 24. Bxe3 Bxe5 25. Re2 f6 $14) 24... Be7 25. Rd3 Rc8 26. Bc6 Rc7 27. b3 (27. Bxd5 $18 {White wants to mate with Bb7+.} exd5 28. Rxd5+ Kc8 29. Rb5 Rxc1+ 30. Bxc1) 27... Rxc6 (27... Kc8 $16 {might work better.} 28. Bxd5 exd5) 28. Rxc6 Kd7 29. Rc1 Rb8 30. Be3 Rb5 $2 {[#]} (30... Ra8 31. f3 Bd8) 31. Ra1 {White is winning.} Bc5 32. Bxc5 Rxc5 33. Rd4 {Accuracy: White = 78%, Black = 46%.} 1-0

[Event "EICC 2019"]
[Site "Skopia"]
[Date "2019.03.26"]
[Round "8.48"]
[White "Goryachkina, Aleksandra"]
[Black "Mamedov, Rauf"]
[Result "1-0"]
[WhiteElo "2504"]
[BlackElo "2701"]
[Annotator "TA"]
[PlyCount "81"]
[EventDate "2019.03.18"]
[EventType "swiss"]
[EventCountry "MKD"]
[SourceTitle "playchess.com"]
[Source "ChessBase"]
[SourceQuality "1"]

{[%evp 13,81,33,28,33,33,27,32,31,25,22,30,27,40,26,33,17,16,14,42,40,104,103,107,100,177,103,104,114,125,129,118,113,161,164,165,137,140,112,135,143,121,109,221,198,211,197,162,122,131,134,141,128,125,37,134,134,126,134,170,160,196,211,175,149,197,157,167,167,254,260]} 1. d4 Nf6 2. c4 g6 3. Nc3 Bg7 4. e4 d6 5. f3 O-O 6. Be3 c5 7. Nge2 Nc6 8. d5 {E81: King's Indian: Sämisch: 6th move deviations (including 6 Be3 c6)} (8. Qd2 Qa5 9. Rc1 e5 10. dxc5 dxc5 11. Nd5 Qxd2+ 12. Kxd2 b6 13. Bg5 Nd7 14. a3 h6 15. Be3 Rd8 16. b4 Bb7 {1-0 (37) Duda,J (2737)-Grischuk,A (2766) chess.com INT 2018}) 8... Na5 9. b3 a6 10. Rc1 {White is slightly better.} Bd7 11. Ng3 Rb8 12. Bd3 b5 13. O-O bxc4 14. bxc4 Qc7 $146 ({Predecessor:} 14... Rb4 15. Qe2 Qc7 {1-0 (43) Hassim,U (2258)-Brzezinski,B (2275) ICCF email 2016}) 15. Bd2 e6 16. Qe1 $36 {[%mdl 2048] White is more active.} Rfe8 ({Black should play} 16... Rb4 $14) 17. Nce2 $16 Nb7 18. Bc3 h5 {[#]} (18... a5 $16) 19. Qd2 (19. dxe6 $1 $18 Bxe6 20. Nf4) 19... e5 20. Rb1 {[%cal Bc1b1,Bb1b3,Bb3b6][%mdl 32]} h4 21. Nh1 Nh5 22. Rb3 Kh7 23. Rfb1 Bh6 24. Qb2 {[%cal Rb3b7]} Bc8 25. Rb6 Be3+ 26. Kf1 Qe7 27. Bd2 Qg5 (27... Bxd2 $16 {was worth a try.} 28. Qxd2 Ra8) 28. Bxe3 $18 Qxe3 29. Nf2 h3 30. Qc1 hxg2+ 31. Kxg2 Qxc1 32. Rxc1 Ra8 33. Bc2 (33. Rc3 $16) 33... Na5 (33... Kg8 $14) 34. Rxd6 $16 Nxc4 35. Rc6 Ne3+ 36. Kg1 Bd7 37. Rxc5 Nxc2 38. R5xc2 Kg7 39. Nd3 Bb5 40. Nc5 Rec8 (40... Bxe2 {was called for.} 41. Rxe2 Nf4) 41. Ng3 {Accuracy: White = 79%, Black = 48%.} 1-0

[Event "EICC 2019"]
[Site "Skopia"]
[Date "2019.03.26"]
[Round "8.49"]
[White "Vallejo Pons, Francisco"]
[Black "Neverov, Valeriy"]
[Result "1-0"]
[WhiteElo "2698"]
[BlackElo "2496"]
[Annotator "TA"]
[PlyCount "107"]
[EventDate "2019.03.18"]
[EventType "swiss"]
[EventCountry "MKD"]
[SourceTitle "playchess.com"]
[Source "ChessBase"]
[SourceQuality "1"]

{[%evp 20,107,25,26,33,39,32,27,39,48,45,38,64,53,58,0,0,0,16,0,-2,-16,0,0,0,-14,0,-25,24,19,30,-16,-17,-16,-6,-19,17,10,19,0,15,0,25,21,49,0,20,0,59,78,120,109,113,112,118,120,93,102,102,98,116,112,152,140,210,200,195,194,163,176,168,115,312,302,300,304,395,391,369,366,645,623,621,616,743,737,781,774,1178,1134]} 1. e4 c5 2. Nf3 d6 3. d4 cxd4 4. Nxd4 Nf6 5. Nc3 Nc6 6. Bg5 e6 7. Qd2 a6 8. O-O-O Bd7 9. f3 Be7 10. h4 Nxd4 11. Qxd4 b5 {B67: Sicilian: Richter-Rauzer: 7...a6 8 0-0-0 Bd7, lines without 9 f4 Be7} 12. Kb1 Rb8 13. g4 Qc7 {White has an edge.} (13... b4 14. Ne2 h5 15. gxh5 Rxh5 16. Ng3 Rh8 17. e5 dxe5 18. Qxe5 Rc8 19. Bxa6 {1-0 (31) Robson,R (2667)-Demchenko,A (2679) chess.com INT 2019}) 14. Be3 $146 ({Predecessor:} 14. h5 h6 15. Be3 b4 16. Ne2 O-O 17. Qd2 Nh7 18. e5 {½-½ (59) Manik,M (2410)-Mohite,R (2236) Mumbai 2018}) 14... b4 15. Ne2 $1 ({Don't go for} 15. Qa7 $2 Qxa7 16. Bxa7 Ra8 $19) 15... O-O 16. Qd2 Bb5 17. Nd4 (17. Bh3 $14) 17... Bxf1 $11 18. Rhxf1 Rfc8 19. g5 Nh5 $1 20. Rg1 Bf8 21. Qd3 g6 22. Rd2 Qb7 23. Nb3 Qb5 24. Rgd1 a5 {[%cal Ba6a5,Ba5a4][%mdl 32]} 25. Bg1 a4 26. Qxb5 Rxb5 27. Nd4 Rbc5 28. Ne2 $36 {[%mdl 2048] White is pushing.} R5c6 29. Nd4 Rc5 30. Be3 Be7 31. Ne2 R5c6 32. Nd4 Rc5 $1 33. Ne2 R5c6 34. c3 Rc4 35. cxb4 Rxb4 36. Rd4 Rxd4 37. Rxd4 ({Much less strong is} 37. Bxd4 f5 $14) 37... a3 38. bxa3 f6 39. a4 fxg5 40. Bxg5 Kf7 41. Rb4 h6 (41... Rc7 $16 42. a5 d5) 42. Bxh6 $18 Bxh4 43. Be3 Be1 44. Rb7+ Kf6 45. Kb2 (45. Rb6 $18) 45... Ng3 $2 (45... e5 $16 {keeps fighting.} 46. Bb6 Kg5) 46. Nxg3 Bxg3 {[%mdl 4096] Endgame [#] KRB-KRB} 47. a5 $1 {[%cal Ba4a5,Ba5a6,Ba6a7][%mdl 32]} Be5+ 48. Ka3 d5 49. a6 d4 $2 (49... dxe4 50. fxe4 g5) 50. Bh6 {White is clearly winning.} Bd6+ 51. Ka4 e5 52. a7 Ke6 53. Kb5 Rc5+ 54. Kb6 {Accuracy: White = 73%, Black = 44%.} 1-0

[Event "EICC 2019"]
[Site "Skopia"]
[Date "2019.03.26"]
[Round "8.50"]
[White "Ivic, Velimir"]
[Black "Parligras, Mircea-Emilian"]
[Result "1/2-1/2"]
[WhiteElo "2487"]
[BlackElo "2657"]
[Annotator "TA"]
[PlyCount "42"]
[EventDate "2019.03.18"]
[EventType "swiss"]
[EventCountry "MKD"]
[SourceTitle "playchess.com"]
[Source "ChessBase"]
[SourceQuality "1"]

{[%evp 29,42,14,14,9,12,8,31,15,12,0,8,0,6,0,0]} 1. e4 c5 2. Nf3 e6 3. d4 cxd4 4. Nxd4 Nc6 5. Nc3 a6 6. Be2 Qc7 7. O-O Nf6 8. Be3 d6 9. f4 Be7 10. Kh1 O-O 11. Qe1 Nxd4 12. Bxd4 b5 13. Qg3 Bb7 14. a3 Rad8 15. Rae1 Bc6 16. Bd3 {B85: Sicilian Scheveningen: 6 Be2 a6, lines with early Be3} Qd7 17. Nd1 Nh5 {[#]} 18. Qg4 $146 ({Predecessor:} 18. Qh3 Nxf4 19. Rxf4 e5 20. Rg4 exd4 21. e5 g6 {½-½ (78) Kravtsiv,M (2672)-Harikrishna,P (2744) Riadh 2017}) 18... Nf6 {The position is equal.} 19. Qg3 Nh5 20. Qg4 Nf6 21. Qg3 Nh5 1/2-1/2

[Event "EICC 2019"]
[Site "Skopia"]
[Date "2019.03.27"]
[Round "9.1"]
[White "Piorun, Kacper"]
[Black "Artemiev, Vladislav"]
[Result "1/2-1/2"]
[WhiteElo "2631"]
[BlackElo "2736"]
[Annotator "TA"]
[PlyCount "122"]
[EventDate "2019.03.18"]
[EventType "swiss"]
[EventCountry "MKD"]
[SourceTitle "playchess.com"]
[Source "ChessBase"]
[SourceQuality "1"]

{[%evp 11,122,21,22,16,24,0,2,7,9,0,0,0,0,0,39,39,41,36,41,41,46,45,60,43,58,37,68,35,29,22,30,30,34,34,39,34,34,30,30,30,47,30,74,72,93,67,64,64,59,62,60,57,55,51,68,72,64,44,30,25,73,62,108,23,22,27,107,108,106,103,114,104,104,104,104,104,125,105,205,191,252,253,256,247,228,0,0,0,8,8,8,0,0,0,0,0,0,0,0,0,0,0,0,0,0,0,0,0,0,0,0,0,0]} 1. e4 c5 2. Nf3 d6 3. Bb5+ Bd7 4. Bxd7+ Nxd7 5. O-O Ngf6 6. Qe2 Rc8 7. c4 {B52: Sicilian: Moscow Variation with 3...Bd7} (7. c3 e6 8. d4 cxd4 9. cxd4 d5 10. e5 Ne4 11. Be3 Nb6 12. Ne1 f5 13. f3 Ng5 14. b3 Nf7 {½-½ (30) Mamedov,R (2680)-Ivanchuk,V (2729) Kocaeli 2017}) 7... g6 8. d4 cxd4 9. Nxd4 Bg7 10. Nc3 Qa5 11. Be3 Nb6 $146 ({Predecessor:} 11... Ne5 12. Rac1 Neg4 13. Bd2 Qc5 14. h3 Qxd4 15. hxg4 Qxc4 16. Qf3 Qe6 17. g5 {½-½ (36) Salazar,R-Camacho,J (2238) San Andres Islas 2008}) 12. Rac1 O-O 13. b3 $1 Nbd7 14. f3 a6 15. Qd2 Rfe8 16. Rfd1 e6 17. Rc2 h5 18. Bf2 Kh7 19. Nd5 Qxd2 20. Nxf6+ Bxf6 21. Rcxd2 Bg5 22. Re2 h4 23. Nc2 Be7 24. Be1 g5 25. Bb4 Rc6 26. Kf2 Ne5 27. g3 Ng6 28. Nd4 Rc7 29. Red2 d5 30. Bxe7 Nxe7 31. cxd5 exd5 32. gxh4 dxe4 33. hxg5 Nd5 {And now ...e3+ would win.} 34. fxe4 Nc3 35. Re1 Nxe4+ 36. Kg2 Rd7 37. Rd3 (37. Nf3 $1 $16 Nxd2 38. Rxe8) 37... Kg6 $1 $11 38. Ree3 Nc5 (38... Kh5 $11 {remains equal.}) 39. Rxe8 $16 Nxd3 {[%mdl 4096] Endgame KRN-KRN} 40. Nf3 f6 41. h4 fxg5 42. hxg5 Kg7 43. a3 {[%cal Ba2a3,Ba3a4][%mdl 32]} a5 44. Kg3 b5 (44... Nc1 $16 {might work better.}) 45. Re3 b4 {[#]} (45... Kg8 $142 46. Re8+ Kg7) 46. a4 $1 $18 Nc5 47. Nh4 Rd1 {[#]} 48. Kf4 $2 (48. Kg4 $1 $18) 48... Rd4+ $11 {The position is equal.} 49. Kg3 {Nf5+ is the strong threat.} Ne4+ 50. Kg2 Rd2+ 51. Kf3 Nxg5+ 52. Kf4 Kf6 53. Nf3 Rf2 54. Kg3 Rb2 55. Ne5 Rd2 56. Nf3 Nxf3 57. Kxf3 Kf5 58. Re8 Rb2 59. Re3 Rh2 60. Kg3 Rh1 61. Kf3 Rh2 {Accuracy: White = 65%, Black = 55%.} 1/2-1/2

[Event "EICC 2019"]
[Site "Skopia"]
[Date "2019.03.27"]
[Round "9.2"]
[White "Esipenko, Andrey"]
[Black "Grandelius, Nils"]
[Result "1/2-1/2"]
[WhiteElo "2603"]
[BlackElo "2694"]
[Annotator "TA"]
[PlyCount "56"]
[EventDate "2019.03.18"]
[EventType "swiss"]
[EventCountry "MKD"]
[SourceTitle "playchess.com"]
[Source "ChessBase"]
[SourceQuality "1"]

{[%evp 11,56,7,15,26,25,25,30,-31,-23,0,-11,-37,-11,-20,18,20,39,0,0,2,0,0,15,0,5,0,0,0,0,0,0,-10,0,-16,-16,-21,0,0,0,0,20,14,9,0,0,0,0]} 1. e4 c5 2. Nf3 d6 3. d4 cxd4 4. Nxd4 Nf6 5. Nc3 a6 6. Nb3 Nc6 {[%cal Bb8c6,Bc6e5,Be5c4][%mdl 32]} 7. Be3 {B56: Classical Sicilian: Unusual Lines} e6 (7... g6 8. Nd5 Nxd5 9. exd5 Ne5 10. Bd4 Bh6 11. Be2 O-O 12. O-O b5 13. a4 b4 14. c3 Bb7 15. cxb4 Bxd5 {0-1 (29) Anand,V (2776)-Vachier Lagrave,M (2811) Bastia 2016}) 8. g4 b5 9. Bg2 (9. g5 $11 Nd7 10. a3) 9... Ne5 10. g5 Nfd7 11. Qd4 $146 ({Predecessor:} 11. Nd2 Nb6 12. f4 Nec4 13. Nxc4 Nxc4 14. Bc1 Be7 {½-½ (30) Naroditsky,D (2646)-Robson,R (2668) Saint Louis 2017}) 11... Nc4 12. Bc1 Bb7 13. a4 $1 Bc6 14. axb5 axb5 {The position is equal.} 15. Rxa8 Qxa8 16. O-O e5 17. Qd3 Be7 18. Nd5 Bxd5 19. Qxd5 Qxd5 20. exd5 O-O 21. Nd2 Rc8 22. Nxc4 Rxc4 23. c3 b4 24. Bd2 bxc3 25. bxc3 Rc8 26. Bh3 Rd8 27. Bxd7 Rxd7 28. c4 Rc7 {Accuracy: White = 63%, Black = 49%.} 1/2-1/2

[Event "EICC 2019"]
[Site "Skopia"]
[Date "2019.03.27"]
[Round "9.3"]
[White "Rodshtein, Maxim"]
[Black "Korobov, Anton"]
[Result "1/2-1/2"]
[WhiteElo "2673"]
[BlackElo "2686"]
[Annotator "TA"]
[PlyCount "89"]
[EventDate "2019.03.18"]
[EventType "swiss"]
[EventCountry "MKD"]
[SourceTitle "playchess.com"]
[Source "ChessBase"]
[SourceQuality "1"]

{[%evp 15,89,11,24,10,123,111,118,112,112,119,110,105,114,112,115,114,113,72,77,72,91,0,70,70,85,76,73,81,97,74,70,82,78,29,59,0,78,0,76,58,85,84,96,90,94,74,114,118,117,94,93,98,89,84,101,76,75,83,93,85,95,72,101,85,125,116,104,60,98,50,50,50,50,50,50,40]} 1. c4 e5 2. g3 Nc6 3. Nc3 g6 4. Bg2 Bg7 5. e3 d6 6. Nge2 h5 7. h4 Bg4 8. d3 Nge7 9. b3 {A25: English Opening vs King's Indian with ...Nc6 but without early d3} g5 $146 (9... e4 $11 {keeps the balance.} 10. d4 f5) ({Predecessor:} 9... O-O 10. Bb2 Rb8 11. O-O a6 12. Qd2 b5 13. Nd5 Na7 14. Nec3 c6 15. Nxe7+ Qxe7 16. d4 exd4 17. exd4 bxc4 18. bxc4 {½-½ (25) Barbero,G (2520)-Chernin,A (2615) Austria 1994}) 10. hxg5 $16 h4 11. Rxh4 {White is better.} ({Of course not} 11. gxh4 $6 Ng6 $11) 11... Rxh4 12. gxh4 Nf5 13. Kd2 Nxh4 {[#]} 14. Qh1 $1 {[%cal Rh1h4]} Nxg2 15. Qxg2 Qd7 16. Ba3 Bh3 17. Qf3 Bg4 18. Qg2 Bh3 $1 {[%cal Rh3g2]} 19. Qg3 O-O-O 20. Rh1 Be6 21. Nd5 Ne7 22. e4 Ng6 23. Qe3 Kb8 24. Nf6 Qe7 25. Nd5 Qd7 $1 26. Nf6 Qe7 27. Qf3 c6 28. Kc2 Qc7 29. Kb1 Qa5 30. Bb2 b5 31. cxb5 Qxb5 32. d4 Bxf6 33. Nc3 Qa5 34. Qxf6 {Threatens to win with d5!} exd4 35. b4 Qc7 36. Qxd4 c5 37. bxc5 dxc5 38. Qe3 Ka8 39. Rd1 Rb8 {[#] White must now prevent ...Ne5.} 40. Nd5 $1 {[%cal Rd5c7]} Qb7 {[%csl Gb8][%cal Rb7b2]} 41. Rd2 c4 42. Qd4 Ne7 $1 {White is slightly better.} 43. Qxc4 {And now Nc7+ would win.} Nxd5 44. exd5 Rd8 45. Qb3 {Accuracy: White = 64%, Black = 62%.} 1/2-1/2

[Event "EICC 2019"]
[Site "Skopia"]
[Date "2019.03.27"]
[Round "9.4"]
[White "Alekseenko, Kirill"]
[Black "Oparin, Grigoriy"]
[Result "0-1"]
[WhiteElo "2644"]
[BlackElo "2613"]
[Annotator "TA"]
[PlyCount "78"]
[EventDate "2019.03.18"]
[EventType "swiss"]
[EventCountry "MKD"]
[SourceTitle "playchess.com"]
[Source "ChessBase"]
[SourceQuality "1"]

{[%evp 22,78,18,12,12,13,13,19,25,25,29,25,27,29,30,27,26,18,11,2,13,0,0,0,0,0,0,0,0,0,0,0,0,0,0,0,0,-28,-35,-35,-38,-58,-40,-55,-11,-305,-237,-356,-255,-465,-455,-584,-579,-946,-914,-943,-941,-925,-920]} 1. e4 e5 2. Nf3 Nc6 3. Bb5 a6 4. Ba4 Nf6 5. O-O Be7 6. Re1 b5 7. Bb3 d6 8. c3 O-O 9. h3 Nb8 10. d4 Nbd7 11. c4 c6 12. Nc3 b4 {C95: Closed Ruy Lopez: Breyer Variation with 10 d4} 13. Na4 (13. Ne2 Nxe4 14. Qc2 f5 15. c5+ d5 16. Be3 Kh8 17. Nxe5 Nxe5 18. dxe5 Bh4 19. g3 Bg5 20. Bxg5 Qxg5 {1-0 (46) Grandelius,N (2652)-Amin,B (2700) Sharjah 2018}) 13... c5 14. d5 Re8 {The position is equal.} 15. g3 Nf8 16. Kg2 h6 $146 ({Predecessor:} 16... Ng6 17. Bc2 h6 18. Rh1 Rf8 19. Nh2 Nh7 20. h4 {0-1 (54) Salomon,J (2494)-Dhulipalla,B (2328) Stockholm 2018}) 17. Bc2 N6h7 18. a3 {axb4 is the strong threat.} a5 $1 19. b3 Bd7 20. Rh1 f5 21. exf5 e4 $1 {White must now prevent ...Bf6.} 22. Nd2 Bf6 23. Ra2 Bxf5 24. Re1 {[%cal Rc2e4]} Ng5 25. h4 {[#]} Nf3 $1 $36 {[%mdl 2560] Hoping for ...Bg4. Black has the initiative.} 26. Rxe4 $1 (26. Nxf3 exf3+) 26... Bxe4 27. Nxe4 Nd4 28. Bb1 Ra7 29. Be3 Nf5 30. Bd2 Rf7 31. axb4 axb4 32. Qg4 Bd4 33. Nb2 $2 {[%mdl 8192] [#]} (33. h5 $11 {and White has nothing to worry.}) 33... Nxh4+ $1 $19 {[%mdl 512]} 34. Kh3 (34. Kh1 $142 Nhg6 35. Nd1) (34. gxh4 Rxe4) 34... Nhg6 {Strongly threatening ...Ne5.} 35. f4 $2 (35. Nd1) 35... Rfe7 {Black is clearly winning.} 36. Qf5 {If White can now play Nd1 this consolidates a bit.} Nh8 37. Ra6 Rxe4 38. Bxe4 g6 39. Qg4 Rxe4 {Accuracy: White = 49%, Black = 86%.} 0-1

[Event "EICC 2019"]
[Site "Skopia"]
[Date "2019.03.27"]
[Round "9.5"]
[White "Anton Guijarro, David"]
[Black "Bindrich, Falko"]
[Result "1-0"]
[WhiteElo "2643"]
[BlackElo "2610"]
[Annotator "TA"]
[PlyCount "158"]
[EventDate "2019.03.18"]
[EventType "swiss"]
[EventCountry "MKD"]
[SourceTitle "playchess.com"]
[Source "ChessBase"]
[SourceQuality "1"]

{[%evp 26,158,10,12,14,0,0,0,0,0,0,0,0,0,0,0,0,0,71,75,77,87,87,67,85,78,74,95,87,72,87,135,119,83,87,38,38,38,38,38,38,38,38,38,39,38,52,52,53,54,60,38,52,30,52,52,52,59,59,60,60,52,52,52,59,59,60,60,62,61,61,62,302,283,262,168,266,277,258,239,240,225,194,0,167,154,132,131,139,131,229,179,202,199,337,337,323,291,251,179,412,425,423,412,391,346,386,412,385,348,323,323,385,323,563,560,628,742,641,584,630,568,452,293,293,282,252,252,323,323,29984,29985,29985,29986,29999]} 1. c4 e6 2. Nc3 d5 3. d4 Nf6 4. cxd5 Nxd5 5. e4 Nxc3 6. bxc3 c5 7. Nf3 cxd4 8. cxd4 Bb4+ 9. Bd2 Bxd2+ 10. Qxd2 O-O 11. Bc4 Nd7 12. O-O b6 13. Rad1 Bb7 14. Rfe1 Rc8 {D41: Queen's Gambit Declined: Semi-Tarrasch with 5 cxd5} 15. Bb3 Re8 16. d5 (16. h3 Nf6 17. Qf4 Nh5 18. Qh2 h6 19. d5 exd5 20. e5 g6 21. Nd4 Ng7 22. Nb5 {½-½ (54) Mamedyarov,S (2820)-Ding,L (2804) Batumi 2018}) 16... exd5 {The position is equal.} 17. exd5 Nc5 18. d6 Bxf3 $1 19. Rxe8+ Qxe8 20. gxf3 Qd7 21. Re1 {Strongly threatening Re7.} Re8 $146 (21... Ne6 $11 {remains equal.}) ({Predecessor:} 21... Ne6 22. f4 {½-½ (49) Jaeckel,C (2394)-Kveinys,V (2131) ICCF email 2011}) 22. Rxe8+ $16 Qxe8 23. Qg5 Kf8 (23... Nxb3 $2 24. Qe7 $18 (24. axb3 Kf8 $14)) 24. Qd5 h6 25. h4 Qe1+ 26. Kg2 {[%csl Gb3][%cal Rd5f7]} Qe8 27. Bc4 Ne6 28. Qb7 {Black must now prevent Bxe6.} Qd8 29. Bxe6 ({Much weaker is} 29. Qxa7 $6 Qxd6 30. Bxe6 fxe6 $11) 29... fxe6 {[%mdl 4096] Endgame KQ-KQ} 30. Qc7 Ke8 31. Qxa7 Qxh4 32. Qxg7 Qd8 $1 33. Qh8+ Kd7 34. Qxh6 {Threatens to win with Qh7+.} Qg8+ 35. Kf1 Kxd6 36. Qe3 Kc6 37. Qe4+ Kd6 38. Ke2 Qg5 39. Qd4+ Kc7 40. Qc3+ Kb7 41. Qc4 Qf6 42. Ke3 Qa1 43. Kf4 Qf6+ 44. Kg3 Qg5+ 45. Qg4 Qf6 46. Qe4+ Ka7 47. f4 Qg7+ 48. Kh4 Qf6+ $2 (48... Qh6+ $1 $14 49. Kg4 Qg7+ 50. Kf3 Qc3+ 51. Qe3 Qc4) 49. Kh5 $1 $18 Qf7+ 50. Kg5 $1 Qg7+ (50... Ka6 $142 51. Qe5 Kb7) 51. Qg6 $1 {[%cal Rg6g7]} Qe7+ 52. Qf6 Qd7 53. Qe5 Qf7 54. Qf6 $2 (54. a4 $18) 54... Qg8+ $2 (54... Qd7 $1 $11 {and Black has nothing to worry.}) 55. Kh6 $1 Ka6 56. Qe7 $1 Qg4 57. Qa3+ $1 Kb7 (57... Kb5 $16) 58. Qg3 $1 {[%cal Rg3g4]} Qe2 {[#]} 59. a3 $1 Kc6 (59... Qc4 {keeps fighting.} 60. Kg6 Qd5) 60. Kg7 Kd7 61. Kf6 Qb2+ 62. Kf7 Qc2 $2 (62... Qa2 63. Qg2 e5+ 64. Kg7 exf4) 63. Qg5 Qh7+ 64. Kf8 Qh8+ 65. Qg8 Qh4 {[%csl Gd7][%cal Rh4e7] [#]} 66. Qg7+ $1 Kc6 67. Qc3+ Kd7 68. Qd4+ Kc7 69. Kf7 Qh3 $2 (69... Qg4 {was worth a try.} 70. Qe5+ Kb7) 70. a4 Qf5+ 71. Qf6 Qh7+ 72. Qg7 Qf5+ 73. Ke8+ Kc8 74. Qd7+ Kb8 75. Ke7 Qh7+ 76. Kd6 (76. Kxe6 Qe4+ 77. Kf6 Qxf4+ 78. Qf5 Qxa4 $14) 76... Qd3+ 77. Kc6 {[%csl Gc6][%cal Rd7b7]} ({Stronger than} 77. Kxe6 Qe4+ 78. Kf6 Qxf4+ 79. Qf5 Qxa4 $14) 77... Qc2+ $2 (77... Qa6 $18 78. Qc7+ (78. Qxe6 b5+ 79. Kd5 Qxa4 $16) 78... Ka8) 78. Kxb6 {[%csl Gb6][%cal Rd7b7]} Qxf2+ 79. Ka6 {[%cal Rd7d8]} Qc5 {Accuracy: White = 83%, Black = 57%.} 1-0

[Event "EICC 2019"]
[Site "Skopia"]
[Date "2019.03.27"]
[Round "9.6"]
[White "Can, Emre"]
[Black "Zvjaginsev, Vadim"]
[Result "1/2-1/2"]
[WhiteElo "2586"]
[BlackElo "2642"]
[Annotator "TA"]
[PlyCount "27"]
[EventDate "2019.03.18"]
[EventType "swiss"]
[EventCountry "MKD"]
[SourceTitle "playchess.com"]
[Source "ChessBase"]
[SourceQuality "1"]

{[%evp 9,27,24,25,28,30,30,45,15,28,24,32,38,37,42,47,45,35,26,45,35]} 1. d4 d5 2. Nf3 e6 3. c4 a6 4. Bg5 (4. e3 Nf6 5. Nc3 dxc4 6. Bxc4 b5 7. Be2 Bb7 8. O-O Nbd7 9. b3 c5 10. Bb2 Be7 11. Rc1 O-O 12. Qc2 Rc8 13. Qb1 Qb6 14. Rfd1 Rfd8 15. h3 h6 16. dxc5 Nxc5 17. Rxd8+ Rxd8 {0-1 (59) Mamedyarov,S (2817)-Carlsen,M (2835) St Petersburg 2018}) 4... Be7 5. Bxe7 Qxe7 6. Nbd2 {D30: Queen's Gambit Declined: Systems without Nc3} Nf6 7. Rc1 O-O 8. g3 $146 ({Predecessor:} 8. e3 Rd8 9. Qc2 Nc6 10. cxd5 exd5 11. a3 Bg4 {1-0 (56) Lysyj,I (2630)-Pridorozhni,A (2589) Yaroslavl 2018}) 8... c6 9. Bg2 Nbd7 10. O-O e5 11. dxe5 Nxe5 12. Nxe5 Qxe5 13. cxd5 cxd5 14. Rc3 1/2-1/2